Redefining the third world / (Record no. 684)
[ view plain ]
| 000 -LEADER | |
|---|---|
| fixed length control field | 01319cam a2200337 a 4500 |
| 001 - CONTROL NUMBER | |
| control field | 1197982 |
| 003 - CONTROL NUMBER IDENTIFIER | |
| control field | OSt |
| 005 - DATE AND TIME OF LATEST TRANSACTION | |
| control field | 20141105130147.0 |
| 008 - FIXED-LENGTH DATA ELEMENTS--GENERAL INFORMATION | |
| fixed length control field | 980331s1998 nyu b 001 0 eng |
| 010 ## - LIBRARY OF CONGRESS CONTROL NUMBER | |
| LC control number | 98019805 |
| 020 ## - INTERNATIONAL STANDARD BOOK NUMBER | |
| International Standard Book Number | 0312216718 (cloth) |
| 040 ## - CATALOGING SOURCE | |
| Original cataloging agency | DLC |
| Transcribing agency | DLC |
| Modifying agency | DLC |
| 043 ## - GEOGRAPHIC AREA CODE | |
| Geographic area code | d------ |
| 050 00 - LIBRARY OF CONGRESS CALL NUMBER | |
| Classification number | HC59.7 |
| Item number | .R348 1998 |
| 082 00 - DEWEY DECIMAL CLASSIFICATION NUMBER | |
| Classification number | 337.172 |
| Edition number | 21 |
| Item number | RED 1998 |
| 245 00 - TITLE STATEMENT | |
| Title | Redefining the third world / |
| Statement of responsibility, etc. | edited by Nana Poku and Lloyd Pettiford ; foreword by Peter Vale. |
| 260 ## - PUBLICATION, DISTRIBUTION, ETC. (IMPRINT) | |
| Place of publication, distribution, etc. | New York, N.Y. : |
| Name of publisher, distributor, etc. | St. Martin's Press, |
| Date of publication, distribution, etc. | 1998. |
| 300 ## - PHYSICAL DESCRIPTION | |
| Extent | xxii, 225 p. ; |
| Dimensions | 23 cm. |
| 440 #0 - SERIES STATEMENT/ADDED ENTRY--TITLE | |
| Title | International political economy series |
| 9 (RLIN) | 970 |
| 504 ## - BIBLIOGRAPHY, ETC. NOTE | |
| Bibliography, etc | Includes bibliographical references and index. |
| 651 #0 - SUBJECT ADDED ENTRY--GEOGRAPHIC NAME | |
| Geographic name | Developing countries |
| General subdivision | Economic conditions. |
| 9 (RLIN) | 1026 |
| 651 #0 - SUBJECT ADDED ENTRY--GEOGRAPHIC NAME | |
| Geographic name | Developing countries |
| General subdivision | Foreign economic relations. |
| 9 (RLIN) | 1025 |
| 651 #0 - SUBJECT ADDED ENTRY--GEOGRAPHIC NAME | |
| Geographic name | Developing countries |
| General subdivision | Foreign relations. |
| 9 (RLIN) | 1797 |
| 651 #0 - SUBJECT ADDED ENTRY--GEOGRAPHIC NAME | |
| Geographic name | Developing countries |
| General subdivision | Civilization. |
| 9 (RLIN) | 1798 |
| 700 1# - ADDED ENTRY--PERSONAL NAME | |
| Personal name | Poku, Nana, |
| Dates associated with a name | 1971- |
| 9 (RLIN) | 1007 |
| 700 1# - ADDED ENTRY--PERSONAL NAME | |
| Personal name | Pettiford, Lloyd, |
| Dates associated with a name | 1966- |
| 9 (RLIN) | 1799 |
| 856 7# - ELECTRONIC LOCATION AND ACCESS | |
| Materials specified | Table of contents |
| Uniform Resource Identifier | http://lcweb.loc.gov/catdir/toc/98-19805.html |
| Access method | http |
| 906 ## - LOCAL DATA ELEMENT F, LDF (RLIN) | |
| a | 7 |
| b | cbc |
| c | orignew |
| d | 1 |
| e | ocip |
| f | 19 |
| g | y-gencatlg |
| 942 ## - ADDED ENTRY ELEMENTS (KOHA) | |
| Source of classification or shelving scheme | Dewey Decimal Classification |
| Koha item type | Short Loan |
| Withdrawn status | Lost status | Source of classification or shelving scheme | Damaged status | Not for loan | Home library | Current library | Date acquired | Inventory number | Total Checkouts | Full call number | Barcode | Date last seen | Price effective from | Koha item type |
|---|---|---|---|---|---|---|---|---|---|---|---|---|---|---|
| Dewey Decimal Classification | MUST Main Library | MUST Main Library | 05/11/2014 | 2003/18992 | 337.172 RED 1998 | 2014-3279 | 05/11/2014 | 05/11/2014 | Short Loan | |||||
| Dewey Decimal Classification | MUST Main Library | MUST Main Library | 05/11/2014 | 2003/18991 | 337.172 RED 1998 | 2014-3280 | 05/11/2014 | 05/11/2014 | Short Loan |
